000 00297nam a22001337a 4500
008 170407b xxu||||| |||| 00| 0 eng d
020 _a3136517016
041 _aeng
080 _a616
100 _a9
101 _aSHM
245 _aTESTICULAR AND EPIDIDYMAL PATHOLOGY
_cNISTAL
942 _2udc
_cBK
999 _c10200
_d10200